01312nab a22002057a 4500003000400000005001700004008004100021040000700062100002300069245022400092260007300316300001400389500004500403505033800448505008900786650001800875650003100893700004100924773014100965OSt20251210102706.0190604e xxu||||| |||| 00| 0 spa d cPJ aDi Nicco, Jorge A.13aEl cuidado de nuestra casa común y el respeto en su integridad por la dignidad humana que nos dejó el papa Francisco. Su correlato con el instituto de la usucapión /cJorge A. Di Nicco, Martín Darío Benítez. aCiudad Autónoma de Buenos Aires :bThomson Reuters La Ley, c2025. ap. 93-126 aCita Online: TR LALEY AR/DOC/1802/2025.  aSumario: I. Introducción.— II. La carta encíclica Laudato si y la exhortación apostólica Laudate Deum.— III. La legislación canónica en Argentina.— IV. La usucapión en el Código Civil y Comercial.— V. La Iglesia católica como parte actora o demandada en el juicio de usucapión.— VI. Reflexiones finales. t¿Te interesa el texto completo? Solicitalo al correo: koha@justierradelfuego.gov.ar 0aDERECHO CIVIL 0aPRESCRIPCIÓN ADQUISITIVA aBenítez, Martín Daríoecoautor0 02714dCiudad Autónoma de Buenos Aires : Thomson Reuters La Ley, 2014-tRevista anales de legislación argentina. Nº 8 - Agosto 2025.